书目信息 |
| 题名: |
中国文化遗产事业发展报告
|
|
| 作者: | 刘世锦 主编 | |
| 分册: | 2012 | |
| 出版信息: | 北京 社会科学文献出版社 2012.09 |
|
| 页数: | 422页 | |
| 开本: | 24cm | |
| 丛书名: | 皮书系列 | |
| 单 册: | ||
| 中图分类: | G269.20 | |
| 科图分类: | ||
| 主题词: | 文化遗产--文化事业--研究报告--中国--2012 , 文化遗产 , 文化事业 | |
| 电子资源: | ||
| ISBN: | 978-7-5097-3571-8 | |
| 000 | 01240oam2 2200313 450 | |
| 001 | 010030014180 | |
| 005 | 20130427084439.37 | |
| 010 | @a978-7-5097-3571-8@dCNY79.00 | |
| 100 | @a20120920d2012 em y0chiy50 ea | |
| 101 | 0 | @achi@deng@eeng |
| 102 | @aCN@b110000 | |
| 105 | @aak z 000yy | |
| 106 | @ar | |
| 200 | 1 | @a中国文化遗产事业发展报告@9zhong guo wen hua yi chan shi ye fa zhan bao gao@dAnnual report on the development of China's cultural heritage management system@h2012@f刘世锦主编@zeng |
| 210 | @a北京@c社会科学文献出版社@d2012.09 | |
| 215 | @a422页@c图@d24cm | |
| 225 | 2 | @a皮书系列 |
| 300 | @a文化遗产蓝皮书 | |
| 330 | @a本书共分为主题报告、技术报告、评估报告。主要内容包括:文化遗产事业及相关产业对经济社会发展的贡献;文化遗产管理体制机制及其“十二五”期间发展等。 | |
| 461 | 0 | @12001 @a皮书系列 |
| 510 | 1 | @aAnnual report on the development of China's cultural heritage management system@h2012@zeng |
| 516 | 1 | @a2012文化遗产蓝皮书@92012 wen hua yi chan lan pi shu |
| 606 | 0 | @a文化遗产@x文化事业@x研究报告@y中国@z2012 |
| 606 | 0 | @a文化遗产 |
| 606 | 0 | @a文化事业 |
| 690 | @aG269.20@v5 | |
| 701 | 0 | @a刘世锦@9liu shi jin@4主编 |
| 801 | 0 | @aCN@bRENTIAN@c20120920 |
| 905 | @b542332-36@dG269.20@e18@f5 | |
| 中国文化遗产事业发展报告=Annual report on the development of China's cultural heritage management system.2012/刘世锦主编.-北京:社会科学文献出版社,2012.09 |
| 422页:图;24cm.-(皮书系列) |
| 文化遗产蓝皮书 |
| ISBN 978-7-5097-3571-8:CNY79.00 |
| 本书共分为主题报告、技术报告、评估报告。主要内容包括:文化遗产事业及相关产业对经济社会发展的贡献;文化遗产管理体制机制及其“十二五”期间发展等。 |
| ● |
| 相关链接 |
|
|
|
|
正题名:中国文化遗产事业发展报告
索取号:G269.20/18
 
预约/预借
| 序号 | 登录号 | 条形码 | 馆藏地/架位号 | 状态 | 备注 |
| 1 | 542332 | 205423326 | 第一样本阅览室/ [索取号:G269.20/18] | 在馆 | |
| 2 | 542333 | 205423335 | 第四借阅区/ [索取号:G269.20/18] | 在馆 | |
| 3 | 542334 | 205423344 | 第四借阅区/ [索取号:G269.20/18] | 在馆 | |
| 4 | 542335 | 205423353 | 第四借阅区/ [索取号:G269.20/18] | 在馆 | |
| 5 | 542336 | 205423362 | 密集书库-史法系/ [索取号:G269.20/18] | 在馆 |